header

Acquisition in interlanguage pragmatics (Record no. 62630)

MARC details
000 -LEADER
fixed length control field 01498nam a2200361 a 4500
082 04 - DEWEY DECIMAL CLASSIFICATION NUMBER
Classification number 418/.0071
100 1# - MAIN ENTRY--AUTHOR NAME
Personal name Barron, Anne.
245 10 - TITLE STATEMENT
Title Acquisition in interlanguage pragmatics
260 ## - PUBLICATION, DISTRIBUTION, ETC. (IMPRINT)
Place of publication Amsterdam ;
-- Philadelphia, PA :
Name of publisher J. Benjamins Pub. Co.,
Year of publication c2003.
300 ## - PHYSICAL DESCRIPTION
Number of Pages xiv, 398 p. :
Other physical details ill.
490 1# - SERIES STATEMENT
Series statement Pragmatics & beyond,
650 #0 - SUBJECT ADDED ENTRY--TOPICAL TERM
Topical Term Second language acquisition.
Topical Term Pragmatics.
Topical Term Interlanguage (Language learning)
856 40 - ELECTRONIC LOCATION AND ACCESS
Uniform Resource Identifier http://site.ebrary.com/lib/rucke/Doc?id=10032036

No items available.

© 2026 Rongo University
Contact us: librarian | system librarian | Rongo university